[Event "POL-chT 2nd League"]
[Site "Miedzyzdroje"]
[Date "2009.09.20"]
[Round "9"]
[White "Autowicz, Boguslawa"]
[Black "Moniszka, Krzysztof"]
[Result "0-1"]
[WhiteElo "2018"]
[BlackElo "2104"]
[PlyCount "48"]
[EventDate "2009.09.12"]
[EventType "team-swiss"]
[EventRounds "9"]
[EventCountry "POL"]
[SourceTitle "EXT 2019"]
[Source "ChessBase"]
[SourceDate "2018.10.10"]
[SourceVersion "1"]
[SourceVersionDate "2018.10.10"]
[SourceQuality "1"]
[WhiteTeam "Izabelin SSz Parazauroloff"]
[BlackTeam "Deblin Czarni"]
[WhiteTeamCountry "POL"]
[BlackTeamCountry "POL"]

1. e4 c5 2. Nc3 e6 3. g3 d5 4. exd5 exd5 5. d4 c4 6. Bg2 Be6 7. Nf3 h6 8. 0-0 Nf6 9. Bf4 Nc6 10. Re1 Be7 11. Ne5 0-0 12. Nxc6 bxc6 13. Ne2 Bg4 14. f3 Bf5 15. Qd2 Nd7 16. Kh1 g5 17. Be3 Bf6 18. Rad1 Re8 19. b3 Nb6 20. g4 Bxc2 21. Qxc2 Rxe3 22. Ng3 Rxe1+ 23. Rxe1 Bxd4 24. Re7 Bc5 0-1

[Event "POL-chT 2nd League"]
[Site "Miedzyzdroje"]
[Date "2009.09.18"]
[Round "7"]
[White "Kupczyk, Edyta"]
[Black "Autowicz, Boguslawa"]
[Result "1-0"]
[WhiteElo "2135"]
[BlackElo "2018"]
[PlyCount "52"]
[EventDate "2009.09.12"]
[EventType "team-swiss"]
[EventRounds "9"]
[EventCountry "POL"]
[SourceTitle "EXT 2019"]
[Source "ChessBase"]
[SourceDate "2018.10.10"]
[SourceVersion "1"]
[SourceVersionDate "2018.10.10"]
[SourceQuality "1"]
[WhiteTeam "Chroscice LZS Victoria"]
[BlackTeam "Izabelin SSz Parazauroloff"]
[WhiteTeamCountry "POL"]
[BlackTeamCountry "POL"]

1. e4 d5 2. exd5 Qxd5 3. d4 Nf6 4. Nc3 Qa5 5. Nf3 c6 6. Bc4 Bg4 7. h3 Bh5 8. g4 Bg6 9. Ne5 Nbd7 10. Nxg6 hxg6 11. Bd2 Qb6 12. Qe2 Qxd4 13. 0-0-0 Nb6 14. Bb3 Nfd5 15. Nxd5 Nxd5 16. Be3 Qb4 17. Bxd5 cxd5 18. Rxd5 e6 19. f3 a6 20. Rd3 Bc5 21. Bd2 Qa4 22. Kb1 0-0 23. h4 Rfd8 24. h5 gxh5 25. Rxh5 Rac8 26. Qh2 Kf8 1-0

[Event "POL-chT 2nd League"]
[Site "Miedzyzdroje"]
[Date "2009.09.17"]
[Round "6"]
[White "Sobocinska, Malgorzata"]
[Black "Autowicz, Boguslawa"]
[Result "0-1"]
[WhiteElo "1951"]
[BlackElo "2018"]
[PlyCount "74"]
[EventDate "2009.09.12"]
[EventType "team-swiss"]
[EventRounds "9"]
[EventCountry "POL"]
[SourceTitle "EXT 2019"]
[Source "ChessBase"]
[SourceDate "2018.10.10"]
[SourceVersion "1"]
[SourceVersionDate "2018.10.10"]
[SourceQuality "1"]
[WhiteTeam "Lomza Devo Maraton"]
[BlackTeam "Izabelin SSz Parazauroloff"]
[WhiteTeamCountry "POL"]
[BlackTeamCountry "POL"]

1. d4 f5 2. c4 Nf6 3. Nc3 e6 4. g3 c6 5. Bg2 d5 6. cxd5 exd5 7. Nf3 Bd6 8. Ne5 Be6 9. b3 Ne4 10. Bb2 Nd7 11. f4 Bb4 12. Qc2 Qa5 13. Rc1 Nxe5 14. fxe5 h5 15. Bxe4 fxe4 16. a3 Be7 17. e3 Bg5 18. b4 Qa6 19. Qe2 Qxe2+ 20. Kxe2 Bg4+ 21. Kd2 Rf8 22. Rcf1 Bf3 23. Rhg1 Kd7 24. b5 Rac8 25. Rb1 Ke6 26. a4 Rc7 27. Ba3 Rfc8 28. Bd6 Rf7 29. a5 cxb5 30. Rxb5 Bxe3+ 31. Kxe3 Rxc3+ 32. Kd2 Rd3+ 33. Kc2 Rxd4 34. Rgb1 e3 35. Re1 e2 36. Rb3 Rd1 37. Bb4 Be4+ 0-1

[Event "POL-chT 2nd League"]
[Site "Miedzyzdroje"]
[Date "2009.09.12"]
[Round "1"]
[White "Autowicz, Boguslawa"]
[Black "Sosnowska, Elzbieta"]
[Result "0-1"]
[WhiteElo "2018"]
[BlackElo "1977"]
[PlyCount "80"]
[EventDate "2009.09.12"]
[EventType "team-swiss"]
[EventRounds "9"]
[EventCountry "POL"]
[SourceTitle "EXT 2019"]
[Source "ChessBase"]
[SourceDate "2018.10.10"]
[SourceVersion "1"]
[SourceVersionDate "2018.10.10"]
[SourceQuality "1"]
[WhiteTeam "Izabelin SSz Parazauroloff"]
[BlackTeam "Pultusk Nadnarwianka"]
[WhiteTeamCountry "POL"]
[BlackTeamCountry "POL"]

1. e4 e5 2. Bc4 Nf6 3. d3 d5 4. exd5 Nxd5 5. Nf3 Nc6 6. c3 Nb6 7. Bb3 Be7 8. Qe2 0-0 9. 0-0 Bf6 10. Nbd2 a5 11. Ne4 a4 12. Bc2 Kh8 13. Be3 Nd5 14. Nxf6 Qxf6 15. Bg5 Qd6 16. Rad1 f5 17. Bc1 a3 18. Bb3 axb2 19. Bxb2 Nf4 20. Qe3 Qg6 21. g3 Nh3+ 22. Kh1 f4 23. Qc5 Bg4 24. Nh4 Qf6 25. f3 Ra5 26. Qc4 Bd7 27. d4 fxg3 28. hxg3 exd4 29. cxd4 Rh5 30. Rd2 Qg5 31. Rg2 Nf4 32. Bc1 Rxh4+ 33. Kg1 Nh3+ 34. Kh2 Nf4+ 35. Kg1 Nh3+ 36. Kh2 Rxd4 37. Qe2 Qh5 38. Qb2 Ng5+ 39. Kg1 Nxf3+ 40. Kf2 Nd2+ 0-1

[Event "Mazowiec-chT"]
[Site "Mazowsze"]
[Date "2009.05.17"]
[Round "10"]
[White "Autowicz, Boguslawa"]
[Black "Milczarek, Robert"]
[Result "1/2-1/2"]
[WhiteElo "2018"]
[BlackElo "1883"]
[PlyCount "100"]
[EventDate "2009.01.11"]
[EventType "team-tourn"]
[EventRounds "10"]
[EventCountry "POL"]
[SourceTitle "EXT 2013"]
[Source "ChessBase"]
[SourceDate "2012.11.22"]
[SourceVersion "1"]
[SourceVersionDate "2012.11.22"]
[SourceQuality "1"]

1. e4 c5 2. Nc3 d6 3. g3 g6 4. Bg2 Bg7 5. d3 Nc6 6. Nce2 Qb6 7. c3 e5 8. Qc2 Nge7 9. f4 0-0 10. Be3 Qa5 11. Nf3 Nd4 12. Nexd4 cxd4 13. Bd2 Qc7 14. 0-0 Bg4 15. fxe5 dxe5 16. Rac1 Rac8 17. h3 Be6 18. c4 h6 19. Rf2 f5 20. exf5 gxf5 21. Re1 Bd5 22. Qc1 Qd6 23. a3 e4 24. Bb4 Qd7 25. Nh4 e3 26. Rc2 Bxg2 27. Rxg2 Rf7 28. Qd1 Nc6 29. Rf1 Nxb4 30. axb4 Re8 31. Qe2 Kh7 32. Nf3 Rg8 33. b5 Qd6 34. Kh2 Be5 35. Nxe5 Qxe5 36. Rf3 Rg6 37. b3 Rfg7 38. Qf1 Rf7 39. Qe2 a6 40. bxa6 Rxa6 41. Qb2 Rf8 42. Re2 Qd6 43. Rf4 Rd8 44. Rxf5 Rda8 45. Rf7+ Kg6 46. Rxb7 Qc6 47. Rb5 Rf8 48. Qxd4 Rf3 49. Qe4+ Qxe4 50. dxe4 Ra1 1/2-1/2